| 000 | 00649nam a2200193Ia 4500 | ||
|---|---|---|---|
| 003 | GCL | ||
| 008 | 140319s9999 xx 000 0 eng d | ||
| 040 |
_aGCL / _cGCL |
||
| 082 | 0 | 4 |
_a338.90956 _bW B |
| 100 | 1 | _aTHE WORLD BANK | |
| 245 | 1 | 0 |
_aBETTER GOVERNANCE FOR DEVELOPMENT IN THE MIDDLE EAST AND NORTH AFRICA : _bENHANCING INCLUSIVENESS AND ACCOUNTABILITY / _cTHE WORLD BANK |
| 260 |
_aنيويورك : _bTHE WORLD BANK ، _c2003 |
||
| 300 |
_a24 CM ؛ _c281 P |
||
| 650 | 0 | 4 | _aECONOMICS |
| 650 | 0 | 4 | _aECONOMIC DEVELOPMENT |
| 650 | 0 | 4 | _aAFRICA - ECONOMIC CONDITIONS |
| 650 | 0 | 4 | _aECONOMIC DEVELOPMENT - DEVELOPING COUNTRIES |
| 942 |
_2ddc _cBK |
||
| 999 |
_c7286 _d7286 |
||